LEADER 01252nam a2200301 a 4500 001 000000124713 003 CaOOAMICUS 005 20110315124656.0 008 110315s1995 it u000 u ita r 020 $a88-04-40715-8 040 $aPUL$bita 082 04$a808 100 1 $aBarilli, Renato.$0(OLS)http://pul/name/78761 245 10$aCorso di retorica :$bl'"arte della persuasione" da Aristotele ai giorni nostri /$cRenato Barilli. 260 $aMilano :$bArnoldo Mondadori,$c1995. 300 $a222 p. ;$c19 cm 490 1 $aOscar saggi ;$v438 504 $aBibliografia p.[213]-222. 650 4$aRetorica$xStoria.$0(OLS)http://pul/subject/10020 830 0$aOscar saggi ;$v438.$0(OLS)http://pul/title/40677 850 $aPUL 852 $aPUL$W1$xSL Cons. Gen., Altre Classi 3$y75$m808 BARRE 1$j143597$qDDC 21$B142629$CPULBib$Z2$F142629 $H115993 $82 941 1 $a9 996 $6020$a88-04-40715-8$9(OLS)http://pul/number/146697 996 $6082$a808$9(OLS)http://pul/classification/1650 996 $6245$aCorso di retorica :$bl'"arte della persuasione" da Aristotele ai giorni nostri$9(OLS)http://pul/title/157203 996 $6260$aMilano :$bArnoldo Mondadori$9(OLS)http://pul/publisher/60431 LEADER 01230nam a2200265 a 4500 001 000000161036 003 CaOOAMICUS 005 20170530091013.0 008 170530s1974 xxc m 001 u eng r 032 $aLibriCat 040 $aPUL$bita 100 1 $aHughes, Michael.$0(OLS)http://pul/name/103088 245 14$aThe act of membership of the Catholic Church and the nature of ecclesial juridicity /$cMichael Hughes, O.M.I. 260 $aOttawa :$b[s.n.],$c1974. 300 $a100 p. ;$c22 cm. 502 $aEstratto da tesi -- Pontificia Universitas Gregoriana. Facultas iuris canonici. 1974. 504 $aBibliografia in nota. 650 4$aGiurisdizione ecclesiastica.$0(OLS)http://pul/subject/9797 710 2 $aPontificia Universitą Gregoriana.$bFacoltą di diritto canonico.$kTesi.$0(OLS)http://pul/name/81757 850 $aPUL 852 $aPUL$W1$xDP1 Tesi Pon. Univ. Gregoriana$y40$mTH PUG 2429$j184983$qTesi$B188175$CPULBib$Z2$F188175 $H42480 $82 941 1 $a16 996 $6245$aThe act of membership of the Catholic Church and the nature of ecclesial juridicity$9(OLS)http://pul/title/200754 996 $6260$aOttawa :$b[s.n.]$9(OLS)http://pul/publisher/60062 LEADER 01428namaa2200361 i 4500 001 000000177946 003 CaOOAMICUS 005 20250723104444.0 007 tu 008 250723s2015 xxua 000 u eng r 020 $a978-1-56148-823-0* 040 $aPUL$bita$erda 082 0 $a364.6 100 1 $aZehr, Howard,$d1944-,$eautore.$0(OLS)http://pul/name/114486 245 14$aThe little book of restorative justice /$cHoward Zehr. 250 $aRevised and updated 264 4$c©2015. 264 1$aNew York :$bGood Books,$c[2015] 300 $a105 pagine ;$c21 cm 336 $atesto$btxt$2rdacontent 337 $asenza mediazione$bn$2rdamedia 338 $avolume$bnc$2rdacarrier 500 $aIn copertina : a bestselling book by one of the founders of the movement 650 4$aGiustizia riparativa.$0(OLS)http://pul/subject/45724 850 $aPUL 852 $aPUL$W1$xSL Diritto e Scienze Sociali 3$y79$m364. 6 ZEHHO 1$j201887$qDDC 21$B206933$CPULBib$Z2$F206933 $H138035 $82 941 1 $a9 996 $6020$a978-1-56148-823-0*$9(OLS)http://pul/number/170522 996 $6082$a364.6$9(OLS)http://pul/classification/2596 996 $6245$aThe little book of restorative justice$9(OLS)http://pul/title/219510 996 $6264$aNew York :$bGood Books$9(OLS)http://pul/publisher/87677 996 $6264$a[S.l.] :$b[s.n.]$9(OLS)http://pul/publisher/0